<?xml version="1.0" encoding="UTF-8"?>
<record
    xmlns:xsi="http://www.w3.org/2001/XMLSchema-instance"
    xsi:schemaLocation="http://www.loc.gov/MARC21/slim http://www.loc.gov/standards/marcxml/schema/MARC21slim.xsd"
    xmlns="http://www.loc.gov/MARC21/slim">

  <leader>02822aam a2200373 i 4500</leader>
  <controlfield tag="001">768714001</controlfield>
  <controlfield tag="003">CO-MdFUSB</controlfield>
  <controlfield tag="005">20241202172844.0</controlfield>
  <controlfield tag="007">ta</controlfield>
  <controlfield tag="008">231031t20062006spaa||ag |||| 00| 0 spa d</controlfield>
  <datafield tag="020" ind1=" " ind2=" ">
    <subfield code="a">8484567192</subfield>
  </datafield>
  <datafield tag="040" ind1=" " ind2=" ">
    <subfield code="a">CO-MdFUSB</subfield>
    <subfield code="b">spa</subfield>
    <subfield code="c">CO-MdFUSB</subfield>
    <subfield code="d">CO-MdFUSBC</subfield>
    <subfield code="e">rda</subfield>
  </datafield>
  <datafield tag="041" ind1=" " ind2=" ">
    <subfield code="a">spa</subfield>
  </datafield>
  <datafield tag="082" ind1=" " ind2=" ">
    <subfield code="2">23</subfield>
    <subfield code="a">940.1</subfield>
    <subfield code="b">J82</subfield>
  </datafield>
  <datafield tag="100" ind1=" " ind2=" ">
    <subfield code="a">Jornet i Benito, N&#xFA;ria,</subfield>
  </datafield>
  <datafield tag="245" ind1=" " ind2="4">
    <subfield code="a">Las relaciones en la historia de la Europa medieval</subfield>
    <subfield code="c">/ N&#xFA;ria Jornet i Benito , Teresa Vinyoles Vidal , Maria- Milagros Rivera Garretas , Blanca Gar&#xED; , Mar&#xED;a del Carmen Garc&#xED;a Herrero , M. Elisa Varela Rodr&#xED;guez</subfield>
  </datafield>
  <datafield tag="264" ind1=" " ind2="1">
    <subfield code="a">Valencia, Espa&#xF1;a :</subfield>
    <subfield code="b">Tirant Lo Blanch, </subfield>
    <subfield code="c">[2006]</subfield>
  </datafield>
  <datafield tag="264" ind1=" " ind2="4">
    <subfield code="c">&#xA9;2006</subfield>
  </datafield>
  <datafield tag="300" ind1=" " ind2=" ">
    <subfield code="a">493 p&#xE1;ginas</subfield>
    <subfield code="c">; 22 cm</subfield>
    <subfield code="e">Incluye CD</subfield>
  </datafield>
  <datafield tag="336" ind1=" " ind2=" ">
    <subfield code="2">rdacontent</subfield>
    <subfield code="a">texto</subfield>
    <subfield code="b">txt</subfield>
  </datafield>
  <datafield tag="337" ind1=" " ind2=" ">
    <subfield code="2">rdamedia</subfield>
    <subfield code="a">sin mediaci&#xF3;n</subfield>
    <subfield code="b">n</subfield>
  </datafield>
  <datafield tag="338" ind1=" " ind2=" ">
    <subfield code="2">rdacarrier</subfield>
    <subfield code="a">volumen</subfield>
    <subfield code="b">nc</subfield>
  </datafield>
  <datafield tag="490" ind1=" " ind2=" ">
    <subfield code="a">Colecci&#xF3;n cr&#xF3;nica</subfield>
  </datafield>
  <datafield tag="505" ind1=" " ind2=" ">
    <subfield code="t">La relaci&#xF3;n con los recuerdos: la autoridad y el poder de la memoria:</subfield>
    <subfield code="a">El poder de la memoria -- La autoridad de la memoria -- Laboratorio de escritura de historia, de critica historiogr&#xE1;fica y de dialogo entre el presente y el pasado -- Textos</subfield>
    <subfield code="t">Una tierra para vivir:</subfield>
    <subfield code="a">Movimientos de pueblos. -- Disfrutar la tierra. -- El espacio dom&#xE9;stico. -- Laboratorio de escritura de historia, de cr&#xED;tica historiogr&#xE1;fica y de di&#xE1;logo entre el presente y el pasado. -- Textos</subfield>
    <subfield code="t">La pol&#xED;tica sexual:</subfield>
    <subfield code="a">La pol&#xED;tica sexual, fundamento de la pol&#xED;tica -- La libertad y la opresi&#xF3;n sexual -- La fidelidad al amor -- Laboratorio de escritura de historia, de critica historiogr&#xE1;fica y de dialogo entre el presente y el pasado</subfield>
    <subfield code="t">La vida del esp&#xED;ritu:</subfield>
    <subfield code="a">El encuentro con la pobreza -- El encuentro con Dios hecho palabra -- Pasi&#xF3;n y devoci&#xF3;n: arte, literatura y performance -- Ortodoxia y heterodoxia: una relaci&#xF3;n en movimiento -- Laboratorio de escritura de historia, de cr&#xED;tica historiogr&#xE1;fica y de di&#xE1;logo entre el presente y el pasado</subfield>
    <subfield code="t">Las relaciones econ&#xF3;micas:</subfield>
    <subfield code="a">Pesar, contar y medir -- El mundo urbano -- Las relaciones comerciales -- Las relaciones con el dinero -- Laboratorio de escritura de historia, de cr&#xED;tica historiogr&#xE1;fica y de di&#xE1;logo entre el presente y el pasado.</subfield>
    <subfield code="t">La oralidad, la cultura escrita y el aprendizaje:</subfield>
    <subfield code="a">La oralidad -- La escritura -- Aprender a aprender -- Laboratorio de escritura de historia, de critica historiogr&#xE1;fica y de dialogo entre el presente y el pasado.</subfield>
  </datafield>
  <datafield tag="700" ind1=" " ind2=" ">
    <subfield code="9">8940</subfield>
    <subfield code="a">Jornet i Benito, N&#xFA;ria,</subfield>
    <subfield code="e">autor</subfield>
  </datafield>
  <datafield tag="700" ind1=" " ind2=" ">
    <subfield code="9">8942</subfield>
    <subfield code="a">Vinyoles Vidal, Teresa,</subfield>
    <subfield code="e">autor</subfield>
  </datafield>
  <datafield tag="700" ind1=" " ind2=" ">
    <subfield code="9">8943</subfield>
    <subfield code="a">Rivera Garretas, Mar&#xED;a- Milagros,</subfield>
    <subfield code="e">autor</subfield>
  </datafield>
  <datafield tag="700" ind1=" " ind2=" ">
    <subfield code="9">8944</subfield>
    <subfield code="a">Gar&#xED;, Blanca,</subfield>
    <subfield code="e">autor</subfield>
  </datafield>
  <datafield tag="700" ind1=" " ind2=" ">
    <subfield code="9">8945</subfield>
    <subfield code="a">Garc&#xED;a Herrero, Mar&#xED;a del Carmen,</subfield>
    <subfield code="e">autor</subfield>
  </datafield>
  <datafield tag="700" ind1=" " ind2=" ">
    <subfield code="9">8946</subfield>
    <subfield code="a">Varela Rodr&#xED;guez, M. Elisa, </subfield>
    <subfield code="e">autor</subfield>
  </datafield>
  <datafield tag="942" ind1=" " ind2=" ">
    <subfield code="c">BK</subfield>
  </datafield>
  <datafield tag="945" ind1=" " ind2=" ">
    <subfield code="a">sor1564</subfield>
  </datafield>
  <datafield tag="952" ind1=" " ind2=" ">
    <subfield code="0">0</subfield>
    <subfield code="1">0</subfield>
    <subfield code="2">ddc</subfield>
    <subfield code="4">0</subfield>
    <subfield code="7">0</subfield>
    <subfield code="8">GEN</subfield>
    <subfield code="a">FUSBC</subfield>
    <subfield code="b">FUSBC</subfield>
    <subfield code="d">2023-10-31</subfield>
    <subfield code="l">0</subfield>
    <subfield code="o">G 940.1 J82r</subfield>
    <subfield code="p">22371</subfield>
    <subfield code="r">2023-10-31 00:00:00</subfield>
    <subfield code="t">Ej. 1</subfield>
    <subfield code="w">2023-10-31</subfield>
    <subfield code="y">BK</subfield>
    <subfield code="k">2</subfield>
  </datafield>
  <datafield tag="999" ind1=" " ind2=" ">
    <subfield code="c">69246</subfield>
    <subfield code="d">69246</subfield>
  </datafield>
</record>
